[Event "4NCL/Div3/GUI3 vs. FCA1"]
[Site "Telford ENG"]
[Date "2005.05.30"]
[Round "11.5"]
[White "Thompson, Ian D"]
[Black "Freeman, Richard C P"]
[Result "1-0"]
[WhiteElo "2275"]
[BlackElo "2117"]
[PlyCount "61"]
[EventDate "2005.05.30"]
[EventType "team"]
[EventRounds "11"]
[EventCountry "ENG"]
[SourceDate "2004.09.21"]

1. c4 g6 2. Nc3 Bg7 3. g3 e5 4. Bg2 Ne7 5. e4 d6 6. Nge2 Nbc6 7. d3 Be6 8. Nd5
O-O 9. O-O Qd7 10. Bh6 Bxd5 11. Bxg7 Kxg7 12. cxd5 Nd4 13. Nxd4 exd4 14. Rc1
Rfd8 15. f4 c5 16. h4 Ng8 17. Kh2 Nh6 18. Bh3 f5 19. b4 b6 20. Qb3 Re8 21. bxc5
bxc5 22. Rb1 Re7 23. Rfc1 Qc7 24. Qb5 fxe4 25. dxe4 Rxe4 26. Be6 Qe7 27. Qc6
Re2+ 28. Kg1 Qd8 29. Rb7+ Kh8 30. Rd7 Qf8 31. Qb7 1-0

[Event "4NCL/Div3/GUI3 vs. FCA1"]
[Site "Telford ENG"]
[Date "2005.05.30"]
[Round "11.6"]
[White "Elwin, Adrian G"]
[Black "Richardson, Keith B"]
[Result "0-1"]
[WhiteElo "2077"]
[BlackElo "2222"]
[PlyCount "72"]
[EventDate "2005.05.30"]
[EventType "team"]
[EventRounds "11"]
[EventCountry "ENG"]
[SourceDate "2004.09.21"]

1. Nf3 g6 2. c4 Bg7 3. d4 Nf6 4. Nc3 O-O 5. e4 d6 6. Be2 e5 7. dxe5 dxe5 8.
Qxd8 Rxd8 9. Bg5 Re8 10. O-O-O Na6 11. Rhe1 h6 12. Bxf6 Bxf6 13. Nd5 Bd8 14. h3
c6 15. Ne3 Nc5 16. Bd3 Kg7 17. Bc2 Bc7 18. g4 Ne6 19. h4 Nf4 20. h5 Be6 21. Kb1
Rad8 22. Rxd8 Rxd8 23. Rg1 Ne2 24. Rg2 Nd4 25. Nh4 Kh7 26. g5 hxg5 27. hxg6+
fxg6 28. Rxg5 Rg8 29. Rg1 Bd8 30. Rh1 Kg7 31. Nhg2 Rf8 32. Rf1 Bg5 33. Bd1 Nf3
34. Bxf3 Rxf3 35. b3 Bh3 36. Kc2 Bxe3 0-1

[Event "4NCL/Div3/GUI3 vs. FCA1"]
[Site "Telford ENG"]
[Date "2005.05.30"]
[Round "11.7"]
[White "Granat, Russell G"]
[Black "Williamson, Kevin J"]
[Result "1-0"]
[WhiteElo "2262"]
[BlackElo "2043"]
[PlyCount "65"]
[EventDate "2005.05.30"]
[EventType "team"]
[EventRounds "11"]
[EventCountry "ENG"]
[SourceDate "2004.09.21"]

1. e4 e5 2. Nf3 d6 3. Bc4 Be6 4. Bxe6 fxe6 5. c3 Nf6 6. Qb3 Qc8 7. d4 exd4 8.
Nxd4 d5 9. exd5 exd5 10. O-O Bd6 11. Re1+ Kf7 12. Bg5 Nbd7 13. Nd2 Nc5 14. Qd1
Qg4 15. N2f3 Nce4 16. h3 Qh5 17. Rxe4 dxe4 18. Qb3+ Kg6 19. Nh4+ Kxg5 20. Qb5+
c5 21. f4+ exf3 22. Ndxf3+ Kh6 23. Qd3 g6 24. Qxd6 Rhf8 25. Qf4+ Kg7 26. Ng5
Rae8 27. Rf1 h6 28. Qc7+ Kg8 29. Rxf6 Qd1+ 30. Kh2 Rxf6 31. Qh7+ Kf8 32. Nxg6+
Rxg6 33. Qf7# 1-0

[Event "4NCL/Div3/3CS2 vs. PPA1"]
[Site "Telford ENG"]
[Date "2005.05.30"]
[Round "11.1"]
[White "Adams, Phil"]
[Black "Swanson, Stephen"]
[Result "1-0"]
[WhiteElo "2120"]
[BlackElo "2276"]
[PlyCount "135"]
[EventDate "2005.05.30"]
[EventType "team"]
[EventRounds "11"]
[EventCountry "ENG"]
[SourceDate "2004.09.21"]

1. e4 g6 2. d4 Bg7 3. Nc3 d6 4. Be3 a6 5. Qd2 Nd7 6. Nf3 b6 7. h4 h6 8. O-O-O
e6 9. g3 Bb7 10. d5 e5 11. h5 g5 12. g4 Ngf6 13. Nh2 b5 14. f3 Bf8 15. Kb1 Nb6
16. Bxb6 cxb6 17. b4 Bc8 18. a3 Bd7 19. Bd3 Ng8 20. Nf1 Ne7 21. Ne3 {=} Nc8 22.
Ne2 f6 23. Kb2 Rh7 24. Ra1 Kf7 25. Rhb1 Kg8 26. Kc1 Be8 27. Kd1 Rha7 28. Qc1
Bd7 29. Ke1 Qe8 30. Kf2 Be7 31. Kg2 Bd8 32. Qb2 Ne7 33. Nc3 Kh7 34. Ne2 Kg7 35.
Nc3 Bc7 36. Kg3 Kh7 37. Kg2 Qc8 38. Kg3 Bb8 39. Kg2 Bc7 40. Kg3 Bd8 41. Kg2 Rc7
42. Ne2 Kg7 43. Rc1 Qb7 44. c4 bxc4 45. Nxc4 Nc8 46. a4 b5 47. Na5 Qb6 48. axb5
Rxc1 49. Qxc1 axb5 50. Rb1 Qa6 51. Nc6 Bb6 52. Nc3 Bxc6 53. dxc6 Bd4 54. Bxb5
Qb6 55. Bc4 Bxc3 56. Qxc3 Qxc6 57. Qb3 Ne7 58. b5 Qb6 59. Qb4 Rc8 60. Qb3 Qd4
61. Be2 d5 62. Qa3 Kf7 63. Rd1 Qb6 64. exd5 Rd8 65. d6 Nc8 66. Bc4+ Kf8 67. d7+
Ne7 68. Rd6 1-0

[Event "4NCL/Div3/3CS2 vs. PPA1"]
[Site "Telford ENG"]
[Date "2005.05.30"]
[Round "11.2"]
[White "Posazhennikov, Alex"]
[Black "Burton, Graham P"]
[Result "0-1"]
[WhiteElo "2256"]
[BlackElo "2110"]
[PlyCount "128"]
[EventDate "2005.05.30"]
[EventType "team"]
[EventRounds "11"]
[EventCountry "ENG"]
[SourceDate "2004.09.21"]

1. e4 c5 2. Nf3 e6 3. d4 cxd4 4. Nxd4 Nc6 5. Be2 Qc7 6. O-O a6 7. Nxc6 Qxc6 8.
Bf3 Ne7 9. b3 Ng6 10. g3 Qc7 11. Bb2 b6 12. c4 Bb7 13. Qe2 Ne5 14. Bg2 f6 15.
f4 Nf7 16. Nc3 Bc5+ 17. Kh1 O-O 18. Na4 Rfe8 19. Qg4 Nh6 20. Qh5 Nf7 21. Rad1
Rac8 22. Rd3 Bc6 23. Nxc5 bxc5 24. g4 Qb7 25. Re1 d5 26. g5 g6 27. Qh4 dxe4 28.
Rde3 Nd6 29. Bh3 Nf5 30. Bxf5 exf5 31. Bxf6 Rc7 32. Qf2 Rd7 33. Qc2 Re6 34. Be5
Qc8 35. Qc3 Qd8 36. Kg2 Rd3 37. Qc1 Rxe5 38. fxe5 Qxg5+ 39. Kf1 Qf4+ 40. Kg1
Qg5+ 41. Kf1 Qf4+ 42. Kg1 Qg4+ 43. Kf1 f4 44. h3 Qh4 45. Rxd3 exd3 46. Re3 fxe3
47. Qxe3 Qe4 48. Kf2 Qg2+ 49. Ke1 Qe2+ 50. Qxe2 dxe2 51. Kxe2 Kf7 52. Ke3 Ke6
53. Kf4 h6 54. h4 a5 55. a3 g5+ 56. hxg5 hxg5+ 57. Kxg5 Kxe5 58. Kg4 Kd4 59.
Kf4 Kc3 60. b4 cxb4 61. axb4 axb4 62. c5 b3 63. Ke5 Kc4 64. Kd6 Kb5 0-1

[Event "4NCL/Div3/3CS2 vs. PPA1"]
[Site "Telford ENG"]
[Date "2005.05.30"]
[Round "11.3"]
[White "Firth, Malcolm"]
[Black "Moore, Gerald"]
[Result "1/2-1/2"]
[WhiteElo "2130"]
[BlackElo "2242"]
[PlyCount "48"]
[EventDate "2005.05.30"]
[EventType "team"]
[EventRounds "11"]
[EventCountry "ENG"]
[SourceDate "2004.09.21"]

1. d4 Nf6 2. c4 g6 3. Nc3 d5 4. Bf4 Bg7 5. e3 c5 6. dxc5 Qa5 7. Qa4+ Qxa4 8.
Nxa4 Na6 9. cxd5 Nxd5 10. O-O-O Bd7 11. Rxd5 Bxa4 12. Be5 Bxe5 13. Rxe5 f6 14.
Rd5 Bc6 15. Rd2 Nxc5 16. f3 Rc8 17. Ne2 e6 18. Nd4 Ba4 19. Kb1 Ke7 20. Bb5 Rhd8
21. Bxa4 Nxa4 22. Rc1 Rxc1+ 23. Kxc1 e5 24. Nb3 Rxd2 1/2-1/2

[Event "4NCL/Div3/3CS2 vs. PPA1"]
[Site "Telford ENG"]
[Date "2005.05.30"]
[Round "11.4"]
[White "Morgan, Ben"]
[Black "Hickman, Alexander"]
[Result "1-0"]
[WhiteElo "2239"]
[BlackElo "2099"]
[PlyCount "79"]
[EventDate "2005.05.30"]
[EventType "team"]
[EventRounds "11"]
[EventCountry "ENG"]
[SourceDate "2004.09.21"]

1. d4 Nf6 2. c4 e6 3. Nc3 Bb4 4. e3 b6 5. Nge2 Ne4 6. Bd2 Nxd2 7. Qxd2 Bb7 8.
a3 Bxc3 9. Nxc3 f5 10. Be2 d6 11. d5 e5 12. g4 fxg4 13. Bxg4 Qh4 14. Qe2 O-O
15. Ne4 a5 16. Rg1 Na6 17. Rg3 Bc8 18. O-O-O Bf5 19. Bxf5 Rxf5 20. Rg4 Qxh2 21.
Rxg7+ Kxg7 22. Qg4+ Kh8 23. Qxf5 Qh6 24. Ng5 Qg6 25. Qxg6 hxg6 26. Rh1+ Kg7 27.
Rh7+ Kf6 28. Ne4+ Kf5 29. Rf7+ Kg4 30. f3+ Kh3 31. Kd2 Rh8 32. Rg7 Rh6 33. Ke2
Kg2 34. Nf6 Kh1 35. Ng4 Rh4 36. Rxg6 Rxg4 37. Rxg4 Nc5 38. b4 axb4 39. axb4 Nb3
40. Kf2 1-0

[Event "4NCL/Div3/3CS2 vs. PPA1"]
[Site "Telford ENG"]
[Date "2005.05.30"]
[Round "11.5"]
[White "Lysons, John"]
[Black "Byway, Paul"]
[Result "1/2-1/2"]
[WhiteElo "1960"]
[BlackElo "2193"]
[PlyCount "110"]
[EventDate "2005.05.30"]
[EventType "team"]
[EventRounds "11"]
[EventCountry "ENG"]
[SourceDate "2004.09.21"]

1. Nf3 c5 2. c4 Nf6 3. g3 g6 4. Bg2 Bg7 5. O-O O-O 6. Nc3 d6 7. d3 Nc6 8. Bd2
Bd7 9. a3 Rb8 10. Rb1 a5 11. Na2 b5 12. cxb5 Rxb5 13. b4 axb4 14. axb4 cxb4 15.
Nxb4 Qb6 16. Nxc6 Bxc6 17. Rxb5 Bxb5 18. Qb3 Qa6 19. Rb1 Bc6 20. Bc3 Bd5 21.
Qb5 Qa2 22. Qb2 Qxb2 23. Rxb2 Rc8 24. Bd2 Nd7 25. Rb1 Nc5 26. Rc1 Rb8 27. Be3
Bb2 28. Rc2 Ba3 29. Nd2 Be6 30. h3 h5 31. Kh2 f6 32. Nc4 Bxc4 33. dxc4 Kf7 34.
Ra2 Rb3 35. Bxc5 Bxc5 36. e3 f5 37. h4 Kf6 38. Bc6 Rc3 39. Bb5 Rb3 40. Kg2 g5
41. hxg5+ Kxg5 42. Bc6 Rc3 43. Bb5 h4 44. gxh4+ Kxh4 45. Kf3 e5 46. Kg2 Kg4 47.
Bc6 Rxc4 48. Ra4 Rxa4 49. Bxa4 d5 50. Bd1+ Kg5 51. Kf3 e4+ 52. Ke2 f4 53. Bb3
d4 54. exd4 Bxd4 55. f3 exf3+ 1/2-1/2

[Event "4NCL/Div3/3CS2 vs. PPA1"]
[Site "Telford ENG"]
[Date "2005.05.30"]
[Round "11.6"]
[White "Gregory, Stephen J"]
[Black "Glover, Richard"]
[Result "1-0"]
[WhiteElo "2167"]
[BlackElo "1940"]
[PlyCount "63"]
[EventDate "2005.05.30"]
[EventType "team"]
[EventRounds "11"]
[EventCountry "ENG"]
[SourceDate "2004.09.21"]

1. e4 d5 2. exd5 Qxd5 3. Nc3 Qa5 4. Nf3 Nf6 5. Be2 c6 6. O-O Bf5 7. b4 Qc7 8.
Rb1 e6 9. b5 c5 10. b6 axb6 11. Nb5 Qd8 12. d4 Rxa2 13. Bb2 Nc6 14. Bc4 Ra8 15.
Qe2 Nb4 16. dxc5 Bxc5 17. Rbd1 Qe7 18. Bxf6 gxf6 19. Nfd4 Bg6 20. Nxe6 fxe6 21.
Bxe6 Bf5 22. Qh5+ Bg6 23. Qh3 Rd8 24. Bb3 Rxd1 25. Rxd1 f5 26. Qc3 Bxf2+ 27.
Kh1 Qe1+ 28. Rxe1+ Bxe1 29. Qxe1+ Kd7 30. Qxb4 Ra8 31. Qd6+ Ke8 32. Nc7# 1-0

[Event "4NCL/Div3/3CS2 vs. PPA1"]
[Site "Telford ENG"]
[Date "2005.05.30"]
[Round "11.7"]
[White "Compston, Michael"]
[Black "Goodger, Martyn"]
[Result "1/2-1/2"]
[WhiteElo "1835"]
[BlackElo "2161"]
[PlyCount "81"]
[EventDate "2005.05.30"]
[EventType "team"]
[EventRounds "11"]
[EventCountry "ENG"]
[SourceDate "2004.09.21"]

1. e4 e5 2. Nf3 Nf6 3. Nxe5 d6 4. Nf3 Nxe4 5. Qe2 Qe7 6. d3 Nf6 7. Nc3 Bg4 8.
Be3 Nc6 9. h3 Be6 10. Nd4 Nxd4 11. Bxd4 c5 12. Bxf6 Qxf6 13. O-O-O O-O-O 14. g3
g6 15. Bg2 Bh6+ 16. Kb1 Rhe8 17. Qf3 Qxf3 18. Bxf3 Bg7 19. Nd5 Bxd5 20. Bxd5
Re5 21. Bf3 h5 22. Rhf1 Rde8 23. c3 Kc7 24. Kc2 b6 25. c4 {=} R5e7 26. b3 Bd4
27. Rd2 Re1 28. Rd1 R1e5 29. Rd2 R8e7 30. Bd5 {=} f5 31. h4 Kd8 32. Bc6 Re1 33.
Rh1 Rxh1 34. Bxh1 Re1 35. Bd5 Ke7 36. a4 {=} Kf6 37. f4 Rf1 38. Re2 Rf2 39. Kd2
Rxe2+ 40. Kxe2 a5 41. Kf3 1/2-1/2

[Event "4NCL/Div3/PPA2 vs. AD2"]
[Site "Telford ENG"]
[Date "2005.05.30"]
[Round "11.1"]
[White "Dignam, Matthew"]
[Black "Wheeler, Darren P"]
[Result "1/2-1/2"]
[WhiteElo "2171"]
[BlackElo "2239"]
[PlyCount "50"]
[EventDate "2005.05.30"]
[EventType "team"]
[EventRounds "11"]
[EventCountry "ENG"]
[SourceDate "2004.09.21"]

1. e4 e6 2. d4 d5 3. Nd2 Nf6 4. e5 Nfd7 5. Ngf3 c5 6. c3 Nc6 7. Bd3 Qb6 8. O-O
cxd4 9. cxd4 Nxd4 10. Nxd4 Qxd4 11. Nf3 Qb6 12. Qa4 Qb4 13. Qc2 Nc5 14. Bxh7
Qc4 15. Qb1 g6 16. Bxg6 Rg8 17. Bxf7+ Kxf7 18. Qh7+ Rg7 19. Ng5+ Ke7 20. Qh5
Nd3 21. Be3 b6 22. Nh7 Qg4 23. Bg5+ Rxg5 24. Qxg5+ Qxg5 25. Nxg5 Nxb2 1/2-1/2

[Event "4NCL/Div3/PPA2 vs. AD2"]
[Site "Telford ENG"]
[Date "2005.05.30"]
[Round "11.2"]
[White "Anderton, David"]
[Black "Rosen, Daniel B"]
[Result "1-0"]
[WhiteElo "2248"]
[BlackElo "2167"]
[PlyCount "51"]
[EventDate "2005.05.30"]
[EventType "team"]
[EventRounds "11"]
[EventCountry "ENG"]
[SourceDate "2004.09.21"]

1. d4 f5 2. Nc3 d5 3. Bf4 c6 4. e3 Be6 5. Nf3 Nf6 6. Bd3 g6 7. h4 Nbd7 8. h5
Bg7 9. h6 Bf8 10. Ng5 Bf7 11. f3 e6 12. g4 Be7 13. Nxf7 Kxf7 14. Qe2 Bb4 15. g5
Ne8 16. O-O Bxc3 17. bxc3 Nb6 18. c4 dxc4 19. Bxc4 Nd6 20. Bb3 Nd5 21. Qh2 Nxf4
22. Qxf4 Re8 23. Kh1 Kg8 24. Qe5 Qe7 25. Bxe6+ Nf7 26. Qg7# 1-0

[Event "4NCL/Div3/PPA2 vs. AD2"]
[Site "Telford ENG"]
[Date "2005.05.30"]
[Round "11.3"]
[White "Bailey, Kevin"]
[Black "Wallace, Paul"]
[Result "1/2-1/2"]
[WhiteElo "2135"]
[BlackElo "2172"]
[PlyCount "27"]
[EventDate "2005.05.30"]
[EventType "team"]
[EventRounds "11"]
[EventCountry "ENG"]
[SourceDate "2004.09.21"]

1. d4 Nf6 2. Nf3 d6 3. c4 g6 4. Nc3 Bg7 5. e4 O-O 6. Be2 Nbd7 7. O-O e5 8. Re1
c6 9. Bf1 a5 10. Rb1 exd4 11. Nxd4 Nc5 12. f3 Re8 13. Be3 Nfd7 14. Qd2 1/2-1/2

[Event "4NCL/Div3/PPA2 vs. AD2"]
[Site "Telford ENG"]
[Date "2005.05.30"]
[Round "11.4"]
[White "Denny, Michael T"]
[Black "Retallick, Lloyd"]
[Result "1/2-1/2"]
[WhiteElo "2115"]
[BlackElo "2115"]
[PlyCount "38"]
[EventDate "2005.05.30"]
[EventType "team"]
[EventRounds "11"]
[EventCountry "ENG"]
[SourceDate "2004.09.21"]

1. e4 c6 2. d4 d5 3. e5 c5 4. dxc5 e6 5. Be3 Nc6 6. Nf3 Nge7 7. c3 Qc7 8. Bd4
Bd7 9. Bb5 Nf5 10. O-O Nfxd4 11. cxd4 Nxe5 12. Bxd7+ Nxd7 13. Qa4 Qc6 14. Nc3 {
=} Be7 15. Rfe1 O-O 16. b4 Qxa4 17. Nxa4 Rfe8 18. Nc3 Bf8 19. a4 Rac8 1/2-1/2

[Event "4NCL/Div3/PPA2 vs. AD2"]
[Site "Telford ENG"]
[Date "2005.05.30"]
[Round "11.5"]
[White "Winfridsson, Ola"]
[Black "Peddar, Stephane S G"]
[Result "0-1"]
[WhiteElo "2080"]
[BlackElo "1940"]
[PlyCount "92"]
[EventDate "2005.05.30"]
[EventType "team"]
[EventRounds "11"]
[EventCountry "ENG"]
[SourceDate "2004.09.21"]

1. d4 Nf6 2. c4 b6 3. Nc3 Bb7 4. Nf3 d6 5. Qc2 e6 6. e4 c5 7. d5 e5 8. g3 Bc8
9. Bg2 h6 10. O-O Bd7 11. Ne1 g6 12. f4 exf4 13. gxf4 Bg7 14. Nf3 O-O 15. e5
Bf5 16. Qe2 Re8 17. Be3 Ng4 18. h3 Nxe3 19. Qxe3 Nd7 20. Nb5 Bf8 21. Qd2 dxe5
22. d6 e4 23. Nc7 exf3 24. Bxf3 Rc8 25. Nxe8 Qxe8 26. Rfe1 Qd8 27. Bg2 Nb8 28.
Rad1 Nd7 29. Qd5 Qf6 30. Qb7 Rd8 31. Qc7 Nb8 32. Qxa7 Nd7 33. Qc7 Be6 34. b3
Qh4 35. Rf1 {=} Bg7 36. Rf3 Bd4+ 37. Kf1 Rf8 38. Re1 Nf6 39. Ke2 Bf5 40. Kd1
Bc2+ 41. Kd2 Ne4+ 42. Ke2 Re8 43. d7 Nc3+ 44. Kd2 Qxe1+ 45. Kxc2 Re2+ 46. Kd3
Rd2# 0-1

[Event "4NCL/Div3/PPA2 vs. AD2"]
[Site "Telford ENG"]
[Date "2005.05.30"]
[Round "11.6"]
[White "Pohribnyj, Chris"]
[Black "Sirisena, Chantal"]
[Result "1/2-1/2"]
[WhiteElo "1972"]
[BlackElo "1927"]
[PlyCount "50"]
[EventDate "2005.05.30"]
[EventType "team"]
[EventRounds "11"]
[EventCountry "ENG"]
[SourceDate "2004.09.21"]

1. d4 d5 2. c4 e6 3. Nc3 c6 4. cxd5 exd5 5. Nf3 Bd6 6. Bg5 f6 7. Bh4 Ne7 8. e3
Qb6 9. Qc2 Bf5 10. Bd3 Bxd3 11. Qxd3 Qxb2 12. Rb1 Qa3 13. O-O b5 14. Rb3 Qa6
15. Qc2 b4 16. Ne2 Qc4 17. Qb2 a5 18. Rc1 Qa6 19. Qc2 O-O 20. e4 Ng6 21. Bg3
Bxg3 22. Nxg3 Nd7 23. Qxc6 Qxc6 24. Rxc6 dxe4 25. Nxe4 Rfc8 1/2-1/2

[Event "4NCL/Div3/PPA2 vs. AD2"]
[Site "Telford ENG"]
[Date "2005.05.30"]
[Round "11.7"]
[White "Donaghay, Richard H"]
[Black "Leary, Peter"]
[Result "1-0"]
[WhiteElo "1970"]
[BlackElo "1845"]
[PlyCount "55"]
[EventDate "2005.05.30"]
[EventType "team"]
[EventRounds "11"]
[EventCountry "ENG"]
[SourceDate "2004.09.21"]

1. e4 Nf6 2. e5 Nd5 3. d4 e6 4. Nf3 Be7 5. c4 Nb6 6. Nc3 O-O 7. Bd3 c6 8. Bc2
Na6 9. Qd3 g6 10. a3 Nc7 11. Bh6 Re8 12. Ne4 d5 13. exd6 Bxd6 14. Nxd6 Qxd6 15.
c5 Qd5 16. cxb6 axb6 17. O-O Rd8 18. Bg5 Re8 19. Qe3 Ra5 20. b4 Ra8 21. Bf4 Nb5
22. Be5 Kf8 23. Qh6+ Ke7 24. Qxh7 Nxa3 25. Bxg6 Rf8 26. Ng5 Bd7 27. Nxf7 Ke8
28. Bf6 1-0

[Event "4NCL/Div3/PPA2 vs. AD2"]
[Site "Telford ENG"]
[Date "2005.05.30"]
[Round "11.8"]
[White "McIntosh, Doreen"]
[Black "Ribbands, Patrick C"]
[Result "0-1"]
[WhiteElo "1690"]
[BlackElo "1945"]
[PlyCount "72"]
[EventDate "2005.05.30"]
[EventType "team"]
[EventRounds "11"]
[EventCountry "ENG"]
[SourceDate "2004.09.21"]

1. d4 b5 2. Nf3 Bb7 3. e3 a6 4. Bd3 Nf6 5. Nbd2 e6 6. O-O c5 7. b3 Be7 8. Bb2
O-O 9. Re1 cxd4 10. Bxd4 Nc6 11. Bb2 Rc8 12. a3 d5 13. h3 Qc7 14. e4 dxe4 15.
Nxe4 Nxe4 16. Rxe4 Rfd8 17. Rg4 f6 18. Qe2 Rd6 19. Nd4 Nxd4 20. Rxd4 Qd7 21.
Rh4 g6 22. Qg4 f5 23. Qg3 Bxh4 24. Qxh4 Qd8 25. Bf6 Qd7 26. Be7 Rd4 27. Qf6 Re8
28. Bb4 e5 29. Bc3 Rd6 30. Qg5 Qc6 31. Bb4 Rd7 32. Rc1 Rd4 33. h4 Rg4 34. Qxg4
fxg4 35. f3 gxf3 36. gxf3 Qxf3 0-1

[Event "4NCL/Div4a/NOTT vs. RICB"]
[Site "Telford ENG"]
[Date "2004.11.06"]
[Round "1.1"]
[White "Barnes, Michael H"]
[Black "Kenyon, Scott"]
[Result "1-0"]
[WhiteElo "2256"]
[BlackElo "1875"]
[PlyCount "47"]
[EventDate "2004.11.06"]
[SourceDate "2004.09.21"]

1. d4 f5 2. Nc3 e6 3. e4 fxe4 4. Nxe4 Nf6 5. Bd3 d5 6. Ng5 Bd6 7. Nxh7 c6 8.
Bg6+ Kd7 9. Ng5 Kc7 10. Nf7 Qf8 11. Nxh8 Qxh8 12. Nh3 Nbd7 13. c4 dxc4 14. Bf4
Bxf4 15. Nxf4 Nb6 16. Qe2 Qh6 17. Qe5+ Kd7 18. Nxe6 Ne8 19. Nc5+ Kd8 20. Qxe8+
Kc7 21. Qe5+ Kd8 22. Qd6+ Bd7 23. Ne6+ Kc8 24. Qc7# 1-0

[Event "4NCL/Div4a/NOTT vs. RICB"]
[Site "Telford ENG"]
[Date "2004.11.06"]
[Round "1.2"]
[White "Ryan, Julian"]
[Black "Mercs, Peter J"]
[Result "0-1"]
[WhiteElo "1725"]
[BlackElo "2081"]
[PlyCount "112"]
[EventDate "2004.11.06"]
[SourceDate "2004.09.21"]

1. e4 c5 2. Nf3 d6 3. d4 cxd4 4. Nxd4 Nf6 5. Nc3 e6 6. Bg5 Be7 7. Bc4 a6 8. O-O
O-O 9. a4 Nc6 10. Qd2 Qc7 11. Be2 e5 12. Nxc6 bxc6 13. Rad1 Rd8 14. f4 exf4 15.
Qxf4 Be6 16. Qg3 Ne8 17. Be3 Bf6 18. Bd4 Be5 19. Bxe5 dxe5 20. Kh1 a5 21. Bg4
Bxg4 22. Qxg4 Qe7 23. b3 Rd4 24. Rxd4 exd4 25. Ne2 Nf6 26. Qf3 Rd8 27. Ng3 Qe6
28. Qf5 Re8 29. Qxa5 Nxe4 30. Qf5 Nxg3+ 31. hxg3 Qe7 32. Qf4 c5 33. b4 cxb4 34.
Qxd4 g6 35. Qf6 Qxf6 36. Rxf6 Ra8 37. Rf4 Rxa4 38. Kh2 Ra2 39. Rc4 Rb2 40. c3
bxc3 41. Rxc3 Rb7 42. Kh3 Kg7 43. g4 h6 44. Rd3 Rb6 45. Rf3 Rf6 46. Kg3 Rxf3+
47. gxf3 Kf6 48. Kf4 Ke6 49. Ke4 f5+ 50. gxf5+ gxf5+ 51. Kf4 Kf6 52. Kg3 Ke5
53. Kf2 Kf4 54. Kg2 Ke3 55. Kg3 f4+ 56. Kg4 h5+ 0-1

[Event "4NCL/Div4a/NOTT vs. RICB"]
[Site "Telford ENG"]
[Date "2004.11.06"]
[Round "1.3"]
[White "Truman, Richard G"]
[Black "Gaudeau, Valentin"]
[Result "1-0"]
[WhiteElo "2028"]
[BlackElo "1745"]
[PlyCount "117"]
[EventDate "2004.11.06"]
[SourceDate "2004.09.21"]

1. d4 f5 2. Bg5 g6 3. e3 Bg7 4. Bd3 Nf6 5. h4 d5 6. Nf3 Nbd7 7. Nbd2 O-O 8. c4
c6 9. Qc2 Qe8 10. cxd5 cxd5 11. Qb3 Nb6 12. a4 e6 13. O-O Ne4 14. Bf4 Qe7 15.
Rfd1 Nd7 16. Rac1 Rf7 17. Rc7 Qe8 18. Ng5 Nxg5 19. hxg5 Nb8 20. Rdc1 Nc6 21.
Nf3 Rxc7 22. Bxc7 Qe7 23. Bf4 Qb4 24. Qxb4 Nxb4 25. Bb5 a6 26. Be2 Nc6 27. Bd6
Bf8 28. Bxf8 Kxf8 29. Ne5 Nxe5 30. dxe5 Bd7 31. Rc7 Bc6 32. Rxh7 Kg8 33. Rc7
Rb8 34. b3 Rf8 35. Bxa6 Rf7 36. Rxf7 Kxf7 37. Be2 Ke7 38. g4 Be8 39. Kf1 Kd7
40. Bb5+ Ke7 41. Bxe8 Kxe8 42. gxf5 exf5 43. b4 Ke7 44. a5 Ke6 45. f4 Kd7 46.
b5 Kc7 47. a6 bxa6 48. bxa6 Kb6 49. e6 Kxa6 50. e7 Kb5 51. e8=Q+ Kc4 52. Qc6+
Kd3 53. Qxd5+ Kxe3 54. Qe5+ Kf3 55. Kg1 Kg4 56. Kg2 Kh4 57. Qe3 Kg4 58. Qg3+
Kh5 59. Qh3# 1-0

[Event "4NCL/Div4a/NOTT vs. RICB"]
[Site "Telford ENG"]
[Date "2004.11.06"]
[Round "1.4"]
[White "Kamara, Khalid"]
[Black "Khandelwal, Ankush"]
[Result "0-1"]
[WhiteElo "1685"]
[BlackElo "1964"]
[PlyCount "60"]
[EventDate "2004.11.06"]
[SourceDate "2004.09.21"]

1. e4 e5 2. Nf3 Nc6 3. Bb5 Bc5 4. O-O Nf6 5. d3 d6 6. h3 Bd7 7. c3 Qe7 8. Re1
h6 9. Re2 g5 10. d4 Bb6 11. Re1 g4 12. hxg4 Nxg4 13. Be3 Rg8 14. d5 Nxe3 15.
fxe3 Nd8 16. Bxd7+ Qxd7 17. Qc2 Qh3 18. Qf2 h5 19. Nbd2 a6 20. Nc4 Ba7 21. a4
b5 22. axb5 axb5 23. Na3 Qg4 24. Nd2 h4 25. Qf3 h3 26. Qxg4 Rxg4 27. Kh1 hxg2+
28. Kh2 Kd7 29. Nxb5 Nb7 30. Nc4 g1=Q+ 0-1

[Event "4NCL/Div4a/NOTT vs. RICB"]
[Site "Telford ENG"]
[Date "2004.11.06"]
[Round "1.5"]
[White "Webster, Richard J"]
[Black "Cohen-Setton, Jacob"]
[Result "1-0"]
[WhiteElo "1978"]
[BlackElo "1595"]
[PlyCount "71"]
[EventDate "2004.11.06"]
[SourceDate "2004.09.21"]

1. d4 Nf6 2. Nf3 c5 3. c3 Nc6 4. dxc5 e6 5. b4 g6 6. Bb2 Bg7 7. e3 O-O 8. Be2
b6 9. cxb6 Qxb6 10. O-O Rd8 11. Qc2 Bb7 12. a3 Rac8 13. Nbd2 d5 14. Rac1 Ne7
15. Qb1 Nf5 16. Nd4 Nxd4 17. cxd4 Ba6 18. Bd3 Rxc1 19. Rxc1 Bxd3 20. Qxd3 Qb7
21. h3 a5 22. b5 Rb8 23. a4 Nd7 24. Nb3 Qa7 25. Rc6 Nb6 26. Nc5 Rc8 27. Rxc8+
Nxc8 28. Qb3 Nb6 29. Bc3 Nc4 30. Qd1 Bf8 31. Na6 Qb6 32. Qe1 Kg7 33. Nc5 Bd6
34. e4 dxe4 35. Qxe4 Kf8 36. Qa8+ 1-0

[Event "4NCL/Div4a/OXF2 vs. CONQ"]
[Site "Telford ENG"]
[Date "2004.11.06"]
[Round "1.1"]
[White "Milovanovic, Aleksander"]
[Black "Osborne, Marcus E"]
[Result "0-1"]
[WhiteElo "2155"]
[BlackElo "2179"]
[PlyCount "70"]
[EventDate "2004.11.06"]
[SourceDate "2004.09.21"]

1. d4 Nf6 2. c4 g6 3. Nc3 Bg7 4. Bg5 d5 5. Bxf6 Bxf6 6. cxd5 c6 7. dxc6 Bxd4 8.
cxb7 Bxb7 9. e3 Bxc3+ 10. bxc3 Qa5 11. Qd4 O-O 12. Qb4 Qc7 13. Rb1 Na6 14. Qa3
Rab8 15. f3 Qe5 16. Kf2 Nc5 17. Rd1 Rfd8 18. Rd4 Qf5 19. Nh3 Ne4+ 20. Ke1 Nd2
21. Kxd2 Qb1 22. Nf2 Be4 23. Nxe4 Rb2+ 24. Qxb2 Qxb2+ 25. Ke1 Rb8 26. Rd1 Qxa2
27. Be2 Rb2 28. Rd8+ Kg7 29. Nd2 a5 30. Bd1 a4 31. Rd4 a3 32. Rf1 Qa1 33. Ra4
a2 34. Nc4 Rxg2 35. Rf2 Rg1+ 0-1

[Event "4NCL/Div4a/OXF2 vs. CONQ"]
[Site "Telford ENG"]
[Date "2004.11.06"]
[Round "1.2"]
[White "Prizant, Michael"]
[Black "Moyse, Nigel"]
[Result "0-1"]
[WhiteElo "2125"]
[BlackElo "2054"]
[PlyCount "68"]
[EventDate "2004.11.06"]
[SourceDate "2004.09.21"]

1. e4 e5 2. Nf3 Nc6 3. c3 d5 4. Qa4 Bd7 5. exd5 Nd4 6. Qd1 Nxf3+ 7. Qxf3 Nf6 8.
c4 Bc5 9. Nc3 O-O 10. d3 Ng4 11. Be3 Nxe3 12. fxe3 Qg5 13. Kd2 f5 14. h4 Qh6
15. Be2 Rae8 16. Nd1 e4 17. Qf4 Qb6 18. d4 Bd6 19. Qf2 f4 20. Kc2 fxe3 21. Qxe3
Bf4 22. Qc3 Qg6 23. g4 Bxg4 24. Rg1 h5 25. Ne3 Bxe3 26. Qxe3 Qa6 27. b3 Bxe2
28. Qxe2 Rf3 29. Rg2 Qf6 30. Rd1 Re7 31. Rd2 e3 32. Rd1 Rf2 33. Rxf2 exf2 34.
Qd3 Re1 0-1

[Event "4NCL/Div4a/OXF2 vs. CONQ"]
[Site "Telford ENG"]
[Date "2004.11.06"]
[Round "1.3"]
[White "Webster, Ian"]
[Black "Song, Jinwoo"]
[Result "1/2-1/2"]
[WhiteElo "2127"]
[BlackElo "1882"]
[PlyCount "91"]
[EventDate "2004.11.06"]
[SourceDate "2004.09.21"]

1. e4 e5 2. d4 exd4 3. c3 dxc3 4. Bc4 cxb2 5. Bxb2 d5 6. Bxd5 Nf6 7. Bxf7+ Kxf7
8. Qxd8 Bb4+ 9. Qd2 Bxd2+ 10. Nxd2 Re8 11. Ngf3 Nc6 12. O-O Kg8 13. Rfe1 Bg4
14. Bxf6 gxf6 15. Rab1 Rab8 16. Re3 Red8 17. Rb2 Kf7 18. h3 Bxf3 19. Nxf3 Ke6
20. Rc3 Rd6 21. Rc5 b6 22. Rh5 Rd7 23. e5 Nxe5 24. Nxe5 fxe5 25. Re2 Rbd8 26.
Rhxe5+ Kf7 27. f4 c5 28. g4 Rd1+ 29. Kf2 R8d7 30. Rf5+ Kg7 31. Kg3 c4 32. Rg5+
Kf7 33. Rh5 Kg7 34. Rg5+ Kf7 35. Rf5+ Kg7 36. Re4 R1d3+ 37. Kh4 Rc7 38. Rg5+
Kf8 39. Rf5+ Kg7 40. Re8 c3 41. Rff8 Rdd7 42. g5 c2 43. Rg8+ Kf7 44. Rgf8+ Kg7
45. f5 c1=Q 46. Rg8+ 1/2-1/2